Sexfibel : non e stata la cicogna : proposta per un testo di educazione sessuali per bambini della scuola elementare e media /

保存先:
書誌詳細
第一著者: Jacobi, Peter
その他の著者: Kriedemann, Heidi, Maier, Lutz, Peters, Inge
フォーマット: 図書
言語:英語
出版事項: Padova Franco Muzzio c1973
タグ: タグ追加
タグなし, このレコードへの初めてのタグを付けませんか!

MARC

LEADER 00000nam a2200000 4500
001 CDOM0000000560
003 mi
005 20250820210150.0
008 250820b |||||||| |||| 00| 0 eng d
040 |c mi 
100 |a Jacobi, Peter 
245 1 |a Sexfibel :  |b non e stata la cicogna : proposta per un testo di educazione sessuali per bambini della scuola elementare e media /  |c Peter Jacobi, Heidi Kriedemann, Lutz Maier, Inge Peters 
260 |a Padova  |b Franco Muzzio  |c c1973 
300 |a 41 p.  |c ill.  |c 23x23 cm . 
700 |a Kriedemann, Heidi 
700 |a Maier, Lutz 
700 |a Peters, Inge 
942 |2 ddc  |c BK 
952 |0 0  |1 0  |2 ddc  |4 0  |6 B_SSA03JACPESEX11  |7 0  |9 4865  |a MI  |b MI  |d 1987-07-12  |i 318  |l 0  |o B-SSA03-JACPE-SEX11  |p CDOM318  |r 2025-07-07 11:14:18  |w 2025-07-07  |x ACQUISTO  |y BK 
999 |c 3829  |d 3829